000 00880cam a2200229 4500
001 ##L131603
008 051118n2005 000 0 eng u
020 _a0117027219
035 _a(Sirsi) u131603
041 0 _aeng
050 0 4 _a692.5 $2 18
110 2 _aCarillion Services
_93856
245 0 0 _aPSA schedule of rates for landscape management
250 _a3rd ed.
260 _aLondon
_bTSO
_c2005
300 _a277p.
_c30cm.
350 _a145
520 _aGuide for estimating, tendering and contracting work in the landscape management industry, aimed at measured term contract procurement. Further advice is available in "A guide to measured term contracts: obtaining value for money in building maintenence and repairs" (ISBN 0117025542).
520 _aSupersedes second edition (ISBN 0117025151).
690 _aBUILT ENVIRONMENT-BUILDING COSTS
942 _n0
999 _c104790
_d104790